000
00351pam a2200157a 44500
008
230515b1996 xxu||||| |||| 00| 0 eng d
020
_a
NULL
041
_a
ENGLISH
082
_a
N.D.
100
_a
Popov E.P
245
_a
Engineering Mechanics Of Solids
250
_a
0
260
_a
NULL
_b
Prentice Hall
_c
1996
300
_a
727
650
_a
NULL
999
_c
580924
_d
580924